000 00763nam a2200217Ii 4500
001 11978
003 CO-ViMGA
008 241108s9999||||xx |||||||||||||| ||und||
020 _a8428323461
040 _aCO-ViMGA
_bspa
_erda
_cCO-ViMGA
041 0 _aspa
082 0 4 _a613 G216
100 1 _aMaría José García García-Saavedra
_950191
245 1 0 _aHigiene del Medio Hospitalario:
_bInfecciones hospitalarias prevención de la contaminación persona - persona prevención de la contaminación por material biológico
264 1 _aMadrid, España : Paraninfo, 1999
300 _avolumen
336 _atext
_btxt
_2rdacontent
337 _aunmediated
_bn
_2rdamedia
338 _avolume
_bnc
_2rdacarrier
940 _aidficha_siabuc: 11688. -- ficha_no_siabuc:11978
999 _c44873
_d44873